| 000 | 01252cam a22003731 4500 | ||
|---|---|---|---|
| 001 | 19658 | ||
| 003 | BD-RjUL | ||
| 005 | 20211209000447.0 | ||
| 008 | 140225r19681966enk 000 0 eng | ||
| 020 | _a0460011103 | ||
| 035 | _a(BD-RjUL)19718 | ||
| 035 | _a(OCoLC)1429725 | ||
| 040 |
_aDLC _cNGH _dOCoLC _dFJUNF _dUk _dDLC _dBD-RjUL _beng |
||
| 041 | _aeng | ||
| 082 | 0 | 4 |
_a823.8 _bGAW 1968 |
| 100 | 1 |
_aGaskell, Elizabeth Cleghorn, _d1810-1865 _960403 |
|
| 245 | 1 | 0 |
_aWives and daughters / _cby Mrs. Gaskell; introduction by Margaret Lane. |
| 260 |
_aLondon ; _bDent ; _aNew York : _bDutton, _c1966 [reprinted 1968]. |
||
| 300 |
_a622 p. ; _c19 cm. |
||
| 650 | 0 |
_aChildren of physicians _vFiction. _960404 |
|
| 650 | 0 |
_aFathers and daughters _vFiction. _942370 |
|
| 650 | 0 |
_aSocial classes _vFiction. _942546 |
|
| 650 | 0 |
_aStepfamilies _vFiction. _960405 |
|
| 650 | 0 |
_aYoung women _vFiction. _958750 |
|
| 651 | 0 |
_aEngland _vFiction. _960406 |
|
| 655 | 7 |
_aDomestic fiction. _2lcsh _960414 |
|
| 655 | 7 |
_aBildungsromane. _2gsafd _960415 |
|
| 655 | 7 |
_aLove stories. _2gsafd _960416 |
|
| 700 | 1 |
_aLane, Margaret. _960383 |
|
| 942 |
_2ddc _cBK |
||
| 999 |
_c19658 _d19658 |
||